Albums-Songs (Sabrina Carpenter) pt.2 - Statistics

General Stats
  • This quiz has been taken 13 times
  • The average score is 17 of 19
Answer Stats
Hint Answer % Correct
9 Looking at ME
100%
7 Mona Lisa
100%
2 Paris
100%
Album Tilte Singular Act 1
100%
Album Title Singular Act 2
100%
1 Almost Love
91%
8 Diamonds Are Forever
91%
3 I Can't Stop Me
91%
5 prfct
91%
4 Sue Me
91%
6 Bad Time
82%
7 Exhale
82%
3 Hold Tight
82%
4 I'm Fakin
82%
1 In My Bed
82%
2 Pushing 20
82%
5 Take Off All Your Cool
82%
8 Take You Back
82%
6 Tell Me
55%
No matching quizzes found
Score Distribution
Percent of People with Each Score
Percentile by Number Answered
Your Score History
You have not taken this quiz